000
00352nam a2200181Ia 4500
100
_a
Stellman/Andrew
650
_a
C#
250
_a
2
942
_c
BK
366
_f
20
654
_a
C#
245
_a
Head first C#
260
_b
Shroff Publishers
_c
2010
082
_a
5.133
_b
STE
300
_a
797
546
_a
ENGLISH
_c
Computers
999
_c
29911
_d
29911